Spanish Association Football Champions - Statistics

General Stats
  • This quiz has been taken 144 times
  • The average score is 83 of 87
Answer Stats
Season Champion % Correct
1929 Barcelona
100%
1944-1945 Barcelona
100%
1947-1948 Barcelona
100%
1948-1949 Barcelona
100%
1951-1952 Barcelona
100%
1952-1953 Barcelona
100%
1958-1959 Barcelona
100%
1959-1960 Barcelona
100%
1973-1974 Barcelona
100%
1984-1985 Barcelona
100%
1990-1991 Barcelona
100%
1991-1992 Barcelona
100%
1992-1993 Barcelona
100%
1993-1994 Barcelona
100%
1997-1998 Barcelona
100%
1998-1999 Barcelona
100%
2004-2005 Barcelona
100%
2005-2006 Barcelona
100%
2008-2009 Barcelona
100%
2009-2010 Barcelona
100%
2010-2011 Barcelona
100%
2012-2013 Barcelona
100%
2014-2015 Barcelona
100%
2015-2016 Barcelona
100%
2017-2018 Barcelona
100%
1931-1932 Real Madrid
100%
1932-1933 Real Madrid
100%
1953-1954 Real Madrid
100%
1954-1955 Real Madrid
100%
1956-1957 Real Madrid
100%
1957-1958 Real Madrid
100%
1960-1961 Real Madrid
100%
1961-1962 Real Madrid
100%
1962-1963 Real Madrid
100%
1963-1964 Real Madrid
100%
1964-1965 Real Madrid
100%
1966-1967 Real Madrid
100%
1967-1968 Real Madrid
100%
1968-1969 Real Madrid
100%
1971-1972 Real Madrid
100%
1974-1975 Real Madrid
100%
1975-1976 Real Madrid
100%
1977-1978 Real Madrid
100%
1978-1979 Real Madrid
100%
1979-1980 Real Madrid
100%
1985-1986 Real Madrid
100%
1986-1987 Real Madrid
100%
1987-1988 Real Madrid
100%
1988-1989 Real Madrid
100%
1989-1990 Real Madrid
100%
1994-1995 Real Madrid
100%
1996-1997 Real Madrid
100%
2000-2001 Real Madrid
100%
2002-2003 Real Madrid
100%
2006-2007 Real Madrid
100%
2007-2008 Real Madrid
100%
2011-2012 Real Madrid
100%
2016-2017 Real Madrid
100%
1939-1940 Atlético Aviación
99%
1940-1941 Atlético Aviación
99%
1949-1950 Atlético Madrid
99%
1950-1951 Atlético Madrid
99%
1965-1966 Atlético Madrid
99%
1969-1970 Atlético Madrid
99%
1972-1973 Atlético Madrid
99%
1976-1977 Atlético Madrid
99%
1995-1996 Atlético Madrid
99%
2013-2014 Atlético Madrid
99%
1941-1942 Valencia
95%
1943-1944 Valencia
95%
1946-1947 Valencia
95%
1970-1971 Valencia
95%
2001-2002 Valencia
95%
2003-2004 Valencia
95%
1945-1946 Sevilla
92%
1999-2000 Deportivo La Coruna
86%
1934-1935 Real Betis
75%
1980-1981 Real Sociedad
71%
1981-1982 Real Sociedad
71%
1929-1930 Athletic Bilbao
66%
1930-1931 Athletic Bilbao
66%
1933-1934 Athletic Bilbao
66%
1935-1936 Athletic Bilbao
66%
1942-1943 Athletic Bilbao
66%
1955-1956 Athletic Bilbao
66%
1982-1983 Athletic Bilbao
66%
1983-1984 Athletic Bilbao
66%
No matching quizzes found
Score Distribution
Percent of People with Each Score
Percentile by Number Answered
Your Score History
You have not taken this quiz